Normal view
MARC view
Entry Corporate Name
001 - CONTROL NUMBER
- control field: 38864
003 - CONTROL NUMBER IDENTIFIER
- control field: ARRUPE
005 - DATE AND TIME OF LATEST TRANSACTION
- control field: 20180125115826.0
008 - FIXED-LENGTH DATA ELEMENTS
- fixed length control field: 180125|| aca||aabn | a|a d
040 ## - CATALOGING SOURCE
- Original cataloging agency: ARRUPE
- Transcribing agency: ARRUPE
110 ## - HEADING--CORPORATE NAME
- Corporate name or jurisdiction name as entry element: Orthodox Eastern Church
- General subdivision: Liturgy.
670 ## - SOURCE DATA FOUND
- Source citation: Work cat.: (ARRUPE)0: Andronikof, Constantin. 38582, Le sens de la liturgie :, 1988.